Business Communication/ (Record no. 157171)

MARC details
000 -LEADER
fixed length control field 00486nam a22001817a 4500
005 - DATE AND TIME OF LATEST TRANSACTION
control field 20180907165902.0
010 ## - LCCN (DPL NO)
LC control number B-216825
020 ## - INTERNATIONAL STANDARD BOOK NUMBER
Terms of availability 75.00
035 ## - SYSTEM CONTROL NUMBER
System control number B-216825
037 ## - SOURCE OF ACQUISITION
Source of stock number/acquisition Kitab Mahal
082 ## - DEWEY DECIMAL CLASSIFICATION NUMBER
Classification number 651.7
100 ## - MAIN ENTRY--PERSONAL NAME
Personal name Vasishth, Neeru
245 ## - TITLE STATEMENT
Title Business Communication/
Statement of responsibility, etc by Neeru Vasishth
260 ## - PUBLICATION, DISTRIBUTION, ETC. (IMPRINT)
Place of publication, distribution, etc New Delhi
Name of publisher, distributor, etc Kitab Mahal
Date of publication, distribution, etc 2006
300 ## - PHYSICAL DESCRIPTION
Extent 226p.
Dimensions 24cm.(Pbk)
942 ## - ADDED ENTRY ELEMENTS (KOHA)
Source of classification or shelving scheme Dewey Decimal Classification
Item type English Books
Classification part 651.7 VAS
Holdings
Withdrawn status Lost status Not for loan Collection code Home library Current library Date acquired Full call number Barcode Koha item type Public note
      Non-fiction Sarojini Nagar Sarojini Nagar 07/09/2018 651.7 VAS B-216825 English Books Withdrawn List Prepared L.No.14/18

© Delhi Public Library
Hit Counter
free hit counter